LEADER 01103nam0-22003371i-450- 001 990007071930403321 005 20060511095542.0 010 $a88-7781-338-5 035 $a000707193 035 $aFED01000707193 035 $a(Aleph)000707193FED01 035 $a000707193 100 $a20020412d2000----km-y0itay50------ba 101 0 $aita 105 $aa-------001yy 200 1 $aViaggiare nel Medioevo$fa cura di Sergio Gensini 210 $a[S.l.]$cPacini$d[2000] 215 $aIX, 610 p.$cill.$d24 cm 225 1 $aCollana di studi e ricerche$fCentro di studi sulla civiltà del tardo Medioevo, San Miniato; [poi] Fondazione Centro di studi sulla civiltà del tardo Medioevo$v8 225 1 $aPubblicazioni degli archivi di Stato$iSaggi$v63 610 0 $aMEDIOEVO$aCivilta$aStudi 610 0 $aViaggi$aMedioevo 676 $a940.17$v21$zita 702 1$aGensini,$bSergio 801 0$aIT$bUNINA$gRICA$2UNIMARC 901 $aBK 912 $a990007071930403321 952 $a940.17 CONV S. MINIATO 1998$fFLFBC 959 $aFLFBC 996 $aViaggiare nel Medioevo$9705802 997 $aUNINA LEADER 00912nam0-22003131i-450- 001 990008028160403321 005 20050322102724.0 010 $a88-467-0436-3 035 $a000802816 035 $aFED01000802816 035 $a(Aleph)000802816FED01 035 $a000802816 100 $a20050322d2001----km-y0itay50------ba 101 0 $aita 102 $aIT 105 $a----a---001yy 200 1 $a<>Amazzoni nell'immaginario occidentale$eil mito e la storia attraverso la letteratura$fStefano Andres 210 $aPisa$cEdizioni ETS$d2001 215 $a214 p.$d21 cm 610 0 $aAmazzoni 676 $a398.352$v21$zita 700 1$aAndres,$bStefano$0285851 801 0$aIT$bUNINA$c20050322$gRICA$2UNIMARC 901 $aBK 912 $a990008028160403321 952 $a398.35 AND 1$bBibl.51201$fFLFBC 959 $aFLFBC 996 $aAmazzoni nell'immaginario occidentale$9755000 997 $aUNINA